00351nam a22001217a 4500022001800000082001600018100001900034245007100053260003500124300002600159650002700185700001700212 a9781845117887 a958.104 RAS a Rashid, Ahmed a Taliban : militant Islam, oil, and fundamentalism in Central Asia aNew YorkbIBT Publishingc2008 axxiii, 276p. :e22 cm aIslamic fundamentalism aAhmed Rashid